Marvel vs. DC comics character counterparts - Statistics

General Stats
  • This quiz has been taken 700 times
    696 since last reset
  • The average score is 12 of 18
Answer Stats
Character Similarity Counterpart % Correct
The Atom Has the ability to shrink and grow with special particles Ant-Man
96%
Lex Luthor Billionaire genius with high-tech suit of armor Iron Man
96%
The Flash Can run at super fast speeds Quicksilver
94%
Deathstroke Highly skilled mercenary with an impressive healing factor Deadpool
92%
Hawkeye No special powers or abilities, just a bow and arrows Green Arrow
89%
Doctor Fate Doctor turned really over-powered sorcerer supreme Doctor Strange
87%
Black Panther Billionaire with powerful armor that looks like a predator Batman
86%
Black Canary Strong-willed woman skilled in multiple styles of martial arts Black Widow
85%
Aquaman King of Atlantis and controls sea life Namor; the Sub-Mariner
77%
Thanos Mad titan hell-bent on taking over the entire universe Darkseid
70%
Winter Soldier Former sidekick brought back from the dead as an anti-hero Red Hood
69%
Nightwing Vigilante fighting to save their home with ninja weapons and martial arts Daredevil
54%
Falcon Flies around with wings to fight crime Hawkman
53%
Ultron Super smart sentient being hell-bent on genocide Brainiac
39%
Captain America Has a shield and fights to protect the country Wonder Woman
36%
The Hulk Super strong monster who gets stronger the angrier they get Doomsday
34%
Booster Gold Time-traveling hero from the future Cable
28%
Swamp Thing Plant-human hybrid that can control plants Groot
18%
No matching quizzes found
Score Distribution
Percent of People with Each Score
Percentile by Number Answered
Your Score History
You have not taken this quiz since the last reset